000 00307cam a2200121ua 4500
082 _a821
_bJON/MO
100 _aJones, Phyllis .
_91823
245 0 0 _aModern Verse ( 1900-1950) /
260 _aLondon :
_bOxford University Press ,
_c1962.
300 _a294 ; .
490 0 _aThe World`s Classics,
942 _cBK
999 _c477
_d477